| 000 | 00660nam a2200193 a 4500 | ||
|---|---|---|---|
| 001 | 000480212 | ||
| 003 | AM-YEHGA | ||
| 005 | 20250617163614.0 | ||
| 008 | 060317s1961 ||||||||||||||||||||rus d | ||
| 040 | _aAM-YeHGA | ||
| 041 | 0 | _arus | |
| 100 | 1 | _aСеливанов, Ф.А. | |
| 245 | 1 | 0 |
_aЭтика : _bОчерки / _cФ.А. Селиванов ; Том. гос. ун-т им. В.В. Куйбышева. |
| 260 |
_aТомск : _bИзд-во Том. ун-та, _c1961. |
||
| 300 | _a185 с. | ||
| 650 | 1 | 4 | _aЭтика |
| 710 | 2 | _aТомский государственный университет им. В.В. Куйбышева | |
| 090 | _c512787 | ||
| 999 |
_c509326 _d509326 |
||